000 00349nam a2200145Ia 4500
005 20251222144624.0
008 251222s9999||||xx |||||||||||||| ||spa||
020 _a8422010232
082 _a234.166/A24
100 _aAdnés, Pierre S.I.
245 0 _aLa Penitencia
250 _as.e.
264 _bBibliotreca de Autores Cristianos
942 _cLIB
999 _c16062
_d16062